000
00333nam a2200133Ia 4500
008
140626s9999 xx 000 0 und d
100
_a
Lytle, Tamara
245
_a
Perfecting the HR Recipe at Campbell /
_c
Tamara Lytle.
260
_c
c2012.
300
_a
57 : 9, page 58
440
_a
HR Magazine
521
_a
BSBA
942
_c
SE
999
_c
121480
_d
121480